Chinese foods for longevity : the art of long life

Bibliographic Details
Main Author: Lu, Henry C
Format: Book
Published: New York : Sterling PublishingCo,Inc. , 1990
Subjects:

MARC

LEADER 00000cam a2200000 7i4500
001 0000009926
002 000010812
005 20000330.0
020 |a 0806958308 
090 0 0 |a 613.2   |b LUH 
100 1 |a Lu, Henry C 
245 1 0 |a Chinese foods for longevity :   |b the art of long life   |c Henry C.Lu 
260 |a New York :   |b Sterling PublishingCo,Inc. ,   |c 1990 
300 |a 192p. :   |b ill ;   |c 22cm. 
650 0 0 |a Longevity 
650 0 0 |a Nutrition 
999 |a 024406   |b BUKU   |c PINJAMAN   |e PERPUSTAKAAN KOMUNITI PETALING JAYA